Salud y enfermedad del niño y del adolescente /

Uloženo v:
Podrobná bibliografie
Hlavní autor: Rivera Montero, Rafael (dirección)
Další autoři: Morales de la Peña, Gabriel (edición) (edición), Newton Sánchez, Oscar Alberto (edición) (edición), Chuck Sepúlveda, Jorge Adrián (edición) (edición)
Médium: Kniha
Jazyk:španělština
Vydáno: México : El Manual Moderno : Federación de Pediatría del Centro-Occidente de México, 2017, c2017
Vydání:8a edición
Témata:
Tagy: Přidat tag
Žádné tagy, Buďte první, kdo vytvoří štítek k tomuto záznamu!

MARC

LEADER 00000nam^a2200000^a^4500
001 000412717
005 20250521000000.0
009 20260526144017.497
020 |a 978-607-448-601-8 
037 |a Acervo ITESO - Biblioteca 
041 |a ESP 
082 |a 618. 92  |b PED 
100 |a Rivera Montero, Rafael  |e (dirección) 
240 1 1 |a [Pediatría Martínez] 
245 1 0 |a Salud y enfermedad del niño y del adolescente /  |c Dir. de R. Rivera Montero ; ed. de G. Morales de la Peña, O.A. Newton Sánchez, J.A. Chuck Sepúlveda. 
250 |a 8a edición 
264 4 |a México :  |b El Manual Moderno :  |b Federación de Pediatría del Centro-Occidente de México,  |c 2017, c2017 
300 |a 2 v. (XLVII, 1901 p.) 
336 |a texto  |b txt  |2 rdacontenido 
337 |a sin mediación  |b n  |2 rdamedio 
338 |a volumen  |b nc  |2 rdasoporte 
521 |a Peticiones 2019 
649 |a XX 
650 |a Niños -  |x Cuidado e Higiene 
650 |a Adolescentes -  |x Cuidado e Higiene 
650 |a Niños -  |x Enfermedades -  |x Tema Principal 
650 |a Adolescentes -  |x Enfermedades -  |x Tema Principal 
650 |a Pediatría -  |x Tema Principal 
650 |a Medicina 
650 |a Ciencias Médicas 
700 |a Morales de la Peña, Gabriel  |e (edición) 
700 |a Newton Sánchez, Oscar Alberto  |e (edición) 
700 |a Chuck Sepúlveda, Jorge Adrián  |e (edición) 
910 |a Fondo General 
920 |a Impresos - Libros 
930 |a Colección General 
905 |a 101 
901 |a 0500321174  |b IT1  |c ACC  |i C165976  |u 20250521 
901 |a 0500321177  |b IT1  |c ACC  |i C165975  |u 20250521 
902 |a https://opac.biblio.iteso.mx/vufind/Record/000412717